Lieux réels de fictions par images - Statistiques

Statistiques générales
  • Ce quiz a été pris 94 fois
  • Le résultat moyen est 6 sur 20
Statistiques - réponses
Par images Hint Réponse % Correct
Poudlard express (Harry Potter) Royaume-Uni
90%
Hobbiton (Le Hobbit) Nouvelle-Zélande
64%
Port-Réal (GoT) Croatie
50%
Pandora (Avatar) Chine
49%
Overlook Hotel (Shining) Etats-Unis
48%
Planète Mann (Interstellar) Islande
35%
Île paradisiaque (La Plage) Thaïlande
35%
Winterfell (GoT) Royaume-Uni
34%
Château de Frankenstein Allemagne
33%
Ahch-To (Star Wars) Irlande
28%
Épave (Le Grand Bleu) Grèce
24%
Chutes du Paradis (Là-Haut) Venezuela
24%
Capitole (Hunger Games) France
23%
Base rebelle Yavin 4 (Star Wars) Guatemala
17%
Isla Nublar (Jurassic World) Costa Rica
15%
Île de Silva (Skyfall) Japon
13%
Mars (Seul sur Mars) Jordanie
12%
Planète Caladan (Dune) Norvège
10%
Bibliothèque de Poudlard (Harry Potter) Portugal
7%
Naufrage Black Pearl (Pirates des Caraïbes) Dominique
1%
Aucun quiz correspondant
Distribution des résultats
% des personnes avec chaque résultat
Percentile par nombre de réponses
Votre historique - résultats
Vous n’avez pas pris ce quiz